[Event "AUTO-OPEN-656"]
[Site "http://www.queenalice.com/game.php?id=425298"]
[Date "2008.6.30"]
[Round "3"]
[White "Amadeus"]
[Black "thw"]
[Result "1-0"]
[WhiteElo "2595"]
[BlackElo "1850"]

1. d4 e6 2. c4 d5 3. Nc3 Nf6 4. Bg5 Nbd7 5. Nf3 c6 6. e3 Qa5 7. cxd5 exd5 8. Bd3
Bb4 9. Qc2 O-O 10. O-O h6 11. Bf4 Nh5 12. a3 Bxc3 13. bxc3 Nxf4 14. exf4 Nf6 15.
Ne5 Qc7 16. Rab1 Bd7 17. Rfe1 b6 18. Re3 Rae8 19. Rbe1 Ng4 20. Bh7+ 1-0

[Event "AUTO-OPEN-656"]
[Site "http://www.queenalice.com/game.php?id=425299"]
[Date "2008.6.30"]
[Round "3"]
[White "thw"]
[Black "Amadeus"]
[Result "0-1"]
[WhiteElo "1876"]
[BlackElo "2597"]

1. e4 e5 2. Nf3 Nc6 3. Bb5 a6 4. Bxc6 dxc6 5. O-O Bg4 6. h3 h5 7. Re1 Qf6 8. d3
Bxf3 9. Qxf3 Qxf3 10. gxf3 Bb4 11. Rf1 Bd6 12. Kh1 f6 13. Rg1 Kf7 14. Be3 Ne7
15. Nd2 c5 16. Nc4 Nc6 17. Rg2 Be7 18. a3 b5 19. Nd2 Nd4 20. c3 Ne6 21. Rd1 Rad8
0-1

[Event "Dragon"]
[Site "http://www.queenalice.com/game.php?id=427775"]
[Date "2008.7.5"]
[Round "2"]
[White "Amadeus"]
[Black "Tads21"]
[Result "0-1"]
[WhiteElo "2506"]
[BlackElo "2420"]

1. d4 Nf6 2. c4 e6 3. Nf3 b6 4. g3 Ba6 5. b3 Bb4+ 6. Bd2 Be7 7. Nc3 d5 8. cxd5
exd5 9. Bg2 O-O 10. O-O Nbd7 11. Ne5 Bb7 12. Bf4 c6 13. Rc1 Re8 14. e4 Nf8 15.
exd5 cxd5 16. Bh3 Ba3 17. Rc2 a6 18. Bg5 Ne6 19. Bxe6 Rxe6 20. Ne2 h6 0-1

[Event "Great QA Champs. [Gambitshark]"]
[Site "http://www.queenalice.com/game.php?id=430985"]
[Date "2008.7.11"]
[Round "-"]
[White "Carlos75"]
[Black "Amadeus"]
[Result "1-0"]
[WhiteElo "2533"]
[BlackElo "2525"]

1. e4 c5 2. Nf3 Nc6 3. d4 cxd4 4. Nxd4 e6 5. Nc3 a6 6. Nxc6 bxc6 7. Bd3 d5 8.
O-O Nf6 9. Re1 Bb7 10. Bf4 Be7 11. e5 Nd7 12. Na4 c5 13. c4 d4 14. Qh5 g6 15.
Qe2 O-O 16. Be4 1-0

[Event "Great QA Champs. [Bergman]"]
[Site "http://www.queenalice.com/game.php?id=430988"]
[Date "2008.7.12"]
[Round "-"]
[White "Gambitshark"]
[Black "Amadeus"]
[Result "1-0"]
[WhiteElo "2634"]
[BlackElo "2575"]

1. e4 c5 2. Nf3 Nc6 3. d4 cxd4 4. Nxd4 Nf6 5. Nc3 e5 6. Ndb5 d6 7. Nd5 Nxd5 8.
exd5 Nb8 9. Qf3 a6 10. Qa3 b6 11. Bg5 f6 12. Be3 Be7 13. c4 Bb7 14. Nc3 f5 15.
Be2 O-O 16. O-O Nd7 17. f4 Rb8 18. Rae1 e4 19. g4 1-0

[Event "Great QA Champs. [Vlad]"]
[Site "http://www.queenalice.com/game.php?id=430989"]
[Date "2008.7.11"]
[Round "-"]
[White "Amadeus"]
[Black "Carlos75"]
[Result "0-1"]
[WhiteElo "2533"]
[BlackElo "2525"]

1. d4 Nf6 2. c4 e6 3. Nf3 d5 4. Nc3 c6 5. Bg5 dxc4 6. e4 b5 7. e5 h6 8. Bh4 g5
9. Nxg5 hxg5 10. Bxg5 Nbd7 11. g3 Bb7 12. Bg2 Qb6 13. exf6 O-O-O 14. O-O c5 15.
d5 b4 16. Na4 Qb5 0-1

[Event "ClivetheBeard"]
[Site "http://www.queenalice.com/game.php?id=443730"]
[Date "2008.8.4"]
[Round "1"]
[White "gbsalvio"]
[Black "Amadeus"]
[Result "1-0"]
[WhiteElo "2481"]
[BlackElo "2557"]

1. Nc3 c5 2. Nf3 Nf6 3. e4 Nc6 4. d4 cxd4 5. Nxd4 d6 6. Bc4 Qb6 7. Ndb5 a6 8.
Be3 Qa5 9. Nd4 e6 10. O-O Be7 11. Bb3 O-O 12. f4 Bd7 13. Qf3 Nxd4 14. Bxd4 e5
15. Bf2 1-0

[Event "QA-ANNIV-04"]
[Site "http://www.queenalice.com/game.php?id=445819"]
[Date "2008.8.8"]
[Round "2"]
[White "Amadeus"]
[Black "Andy"]
[Result "1-0"]
[WhiteElo "2597"]
[BlackElo "1611"]

1. e4 e5 2. Nf3 Nc6 3. Bb5 f6 4. O-O Bc5 5. c3 a6 6. d4 axb5 7. dxc5 d6 8. cxd6
cxd6 9. Na3 b4 10. Nb5 d5 11. exd5 Na7 12. Nxa7 Rxa7 13. c4 Ne7 14. Be3 Ra8 15.
Qb3 O-O 16. Qxb4 Rb8 17. Bb6 Qd7 18. Qa3 e4 19. Nd2 f5 20. Qa7 1-0

[Event "QA-ANNIV-03"]
[Site "http://www.queenalice.com/game.php?id=446364"]
[Date "2008.8.9"]
[Round "8"]
[White "Orso"]
[Black "Amadeus"]
[Result "1/2-1/2"]
[WhiteElo "2358"]
[BlackElo "2598"]

1. d4 Nf6 2. Bf4 d5 3. e3 c5 4. c3 Nc6 5. Nd2 Qb6 6. Qb3 c4 7. Qc2 g6 8. e4 Qd8
9. g3 Bg7 10. Bg2 O-O 11. Ne2 Nxe4 12. Nxe4 dxe4 13. Bxe4 e5 14. dxe5 Nxe5 15.
O-O Re8 16. Nd4 Bh3 17. Rfd1 Qb6 18. b3 cxb3 19. Qxb3 Rac8 1/2-1/2

[Event "QA-ANNIV-03"]
[Site "http://www.queenalice.com/game.php?id=469845"]
[Date "2008.9.28"]
[Round "9"]
[White "Amadeus"]
[Black "crubiov"]
[Result "0-1"]
[WhiteElo "2517"]
[BlackElo "2387"]

1. e4 e5 2. Nf3 Nc6 3. Bb5 a6 4. Ba4 Nf6 5. O-O Be7 6. Re1 d6 7. c3 O-O 8. h3
Rb8 9. d4 exd4 10. cxd4 d5 11. e5 Ne4 0-1

[Event "World Cup"]
[Site "http://www.queenalice.com/game.php?id=533007"]
[Date "2009.2.1"]
[Round "3"]
[White "Bergman"]
[Black "Amadeus"]
[Result "1-0"]
[WhiteElo "2561"]
[BlackElo "2467"]

1. e4 e5 2. Nf3 Nc6 3. Bb5 a6 4. Ba4 Nf6 5. O-O Be7 6. Re1 b5 7. Bb3 O-O 8. c3
d6 9. h3 Na5 10. Bc2 c5 11. d4 Qc7 12. Nbd2 1-0

[Event "ClivetheBeard"]
[Site "http://www.queenalice.com/game.php?id=533398"]
[Date "2009.2.1"]
[Round "2"]
[White "Amadeus"]
[Black "RichardB"]
[Result "0-1"]
[WhiteElo "2482"]
[BlackElo "1999"]

1. e4 e5 2. Nf3 Nc6 3. Bb5 Nf6 4. Bxc6 dxc6 5. Nxe5 Nxe4 6. O-O Qf6 7. d4 Be7 8.
Nc3 Nxc3 9. bxc3 O-O 10. Re1 Be6 11. Rb1 Rab8 12. c4 Bd6 0-1

[Event "GOYI"]
[Site "http://www.queenalice.com/game.php?id=583742"]
[Date "2009.5.11"]
[Round "-"]
[White "Conde7"]
[Black "Amadeus"]
[Result "1-0"]
[WhiteElo "2533"]
[BlackElo "2461"]

1. e4 e5 2. Nf3 Nc6 3. Bb5 a6 4. Ba4 Nf6 5. O-O Be7 6. Re1 b5 7. Bb3 O-O 8. c3
d6 9. h3 Na5 10. Bc2 c5 11. d4 Qc7 12. Nbd2 cxd4 13. cxd4 Bb7 14. Nf1 Rac8 15.
Re2 d5 16. Nxe5 dxe4 17. Ng3 1-0

[Event "QA-ANNIV-05"]
[Site "http://www.queenalice.com/game.php?id=654504"]
[Date "2009.9.18"]
[Round "2"]
[White "Amadeus"]
[Black "Canaye"]
[Result "0-1"]
[WhiteElo "2455"]
[BlackElo "1987"]

1. e4 e6 2. d4 d5 3. Nc3 dxe4 4. Nxe4 Nd7 5. Nf3 Ngf6 6. Nxf6+ Nxf6 7. Bg5 Be7
8. Bc4 Ne4 9. Bxe7 Qxe7 10. O-O O-O 11. Re1 Nf6 12. Qd3 b6 13. d5 Rd8 0-1